Sounding solar and stellar interiors (Record no. 12575)

MARC details
000 -LEADER
fixed length control field 00873nam a2200205Ia 4500
003 - CONTROL NUMBER IDENTIFIER
control field IN-BaIIA
008 - FIXED-LENGTH DATA ELEMENTS--GENERAL INFORMATION
fixed length control field 211028s9999 xx 000 0 eng d
020 ## - INTERNATIONAL STANDARD BOOK NUMBER
International Standard Book Number 2-9512397-0
040 ## - CATALOGING SOURCE
Transcribing agency IIA Library
080 ## - UNIVERSAL DECIMAL CLASSIFICATION NUMBER
Universal Decimal Classification number 082.2:52
Item number IAU-S181
111 ## - MAIN ENTRY--MEETING NAME
Meeting name or jurisdiction name as entry element Symposium of the International Astronomical Union
Number of part/section/meeting 181st
Location of meeting France
Date of meeting or treaty signing 1996 Sept. 30 - Oct. 3
9 (RLIN) 22033
245 #0 - TITLE STATEMENT
Title Sounding solar and stellar interiors
Remainder of title proceedings of the IAU symposium no.181 held at Nice, France from September 30 - October 3, 1996
Statement of responsibility, etc. edited by J. Provost and Francois-Xavier Schmider
260 ## - PUBLICATION, DISTRIBUTION, ETC.
Place of publication, distribution, etc. France
Name of publisher, distributor, etc. Universite de Nice
Date of publication, distribution, etc. 1998
300 ## - PHYSICAL DESCRIPTION
Extent xiv, 294p.
490 ## - SERIES STATEMENT
Series statement IAU Symposium; no.181
650 ## - SUBJECT ADDED ENTRY--TOPICAL TERM
Topical term or geographic name entry element Stellar interiors, Solar interior
9 (RLIN) 22034
700 ## - ADDED ENTRY--PERSONAL NAME
Personal name Schmider, Francois-Xavier, ed.
9 (RLIN) 22035
710 ## - ADDED ENTRY--CORPORATE NAME
Corporate name or jurisdiction name as entry element International Astronomical Union
942 ## - ADDED ENTRY ELEMENTS (KOHA)
Koha item type Books
Holdings
Withdrawn status Lost status Damaged status Not for loan Home library Current library Shelving location Date acquired Total Checkouts Full call number Barcode Date last seen Price effective from Koha item type Purchase Price
        IIA Library-Bangalore IIA Library-Bangalore General Stacks 23/07/1998   082.2:52/ IAU-S181 13492 05/11/2021 23/07/1998 Books FF 180.00

Powered by Koha